[Event "SRB-chT 1st League Men 2018"]
[Site "Valjevo"]
[Date "2018.09.07"]
[Round "8"]
[White "Zajic, Milan"]
[Black "Robulj, Nenad"]
[Result "1-0"]
[WhiteElo "2497"]
[BlackElo "2312"]
[Annotator "TA"]
[PlyCount "97"]
[EventDate "2018.08.31"]
[EventType "team-tourn"]
[EventCountry "SRB"]
[SourceTitle "playchess.com"]
[Source "ChessBase"]
[SourceQuality "1"]

{[%evp 15,97,26,29,27,28,26,25,10,18,0,12,1,12,14,19,19,15,18,0,0,7,0,8,0,14,0,0,-2,0,-28,-22,0,-18,-22,0,0,0,-18,0,0,0,-61,-35,-73,-70,-114,-81,-72,-51,-43,0,-77,0,-32,0,-120,0,-165,-171,-146,-123,-106,-114,-138,-127,-98,-114,-210,-171,-306,-307,-451,-445,-429,918,864,29994,29995,29995,29996,29996,29997,29998,29999]} 1. e4 e6 2. d4 d5 3. Nd2 a6 4. Ngf3 Nf6 5. e5 Nfd7 6. Bd3 c5 7. c3 Nc6 8. O-O {C06: French Tarrasch: 3...Nf6 4 e5 Nfd7 5 Bd3 main lines} b5 {LiveBook: 17 Games} (8... g5 9. dxc5 g4 10. Nd4 Ndxe5 11. N2b3 Nxd3 12. Qxd3 e5 13. Re1 Bg7 14. Nxc6 bxc6 15. Nd4 Qf6 {½-½ (43) Sokolov,I (2625)-Bauer,C (2630) Maastricht 2017}) 9. Qe2 Qb6 10. dxc5 $146 {White has an edge.} ({Predecessor:} 10. a4 b4 11. c4 Nxd4 12. Nxd4 cxd4 13. cxd5 exd5 14. a5 Qe6 15. f4 f6 {1-0 (38) Chernyshev,A (2095)-Fomin,S (2118) Voronezh 2006}) 10... Nxc5 11. Bc2 a5 12. Re1 Ba6 13. Nd4 b4 14. Qe3 Nxd4 15. cxd4 Nd7 16. Nf3 Rc8 17. Bb1 Be7 18. Qf4 h6 19. Qg4 g6 20. h3 a4 {[#]} 21. Bxg6 $1 {[%mdl 512] And now Bh5 would win.} Rg8 (21... fxg6 22. Qxg6+) 22. Bxf7+ $1 Kxf7 23. Qf4+ $1 ({Reject} 23. Qh5+ Rg6 $17) 23... Ke8 24. Qxh6 Bd3 $36 {[%mdl 2048] Black has the initiative.} 25. Bg5 Bxg5 26. Nxg5 Bg6 27. Rac1 Rc4 28. b3 (28. Nf3 $11) 28... Rc3 $1 $15 29. bxa4 Nf8 30. Qh4 Qd8 {[%mdl 1024] Black has strong compensation.} 31. Qg4 Bf5 32. Qh5+ Bg6 33. Qg4 $1 Bf5 34. Qh5+ Bg6 35. Qh6 (35. Qg4 $1 $11 {was the only way to keep the balance.}) 35... Bf5 ({Better is} 35... Qc7 $17 36. Ra1 Qg7 37. Qxg7 Rxg7) 36. h4 $2 (36. Qh5+ $1 $11 {and White has nothing to worry.} Bg6) 36... Qc7 $19 37. Rcd1 Ng6 38. Nh7 Rh8 39. Nf6+ Kf7 $1 40. Qg5 Nxh4 41. Rc1 ({Avoid the trap} 41. Nh5 $2 Nf3+ $1 {[%mdl 512]} 42. gxf3 Rg8 $19) (41. Re3 $17 {was forced.}) 41... Qd8 {...Rh3! is the strong threat.} 42. Rxc3 (42. f3 $142) 42... bxc3 {[%cal Bb4c3,Bc3c2][%mdl 32]} 43. Re3 (43. Rc1 $142 c2 44. Qe3) 43... c2 44. Rc3 Qa5 $4 {[%mdl 8192] [#]} (44... Qb6 $19 45. Nh5 Ng6) 45. Ne4 $1 $18 {[%cal Re4d6][%mdl 512]} Bxe4 (45... dxe4 46. Qf6+) 46. Qf6+ {White mates.} Ke8 47. Qxe6+ Kf8 48. Rc8+ Kg7 49. Qf6+ {Precision: White = 54%, Black = 68%.} 1-0

[Event "SRB-chT 1st League Men 2018"]
[Site "Valjevo"]
[Date "2018.09.07"]
[Round "8"]
[White "Mastrovasilis, Athanasios"]
[Black "Nikolic, Predrag"]
[Result "1/2-1/2"]
[WhiteElo "2496"]
[BlackElo "2584"]
[Annotator "TA"]
[PlyCount "30"]
[EventDate "2018.08.31"]
[EventType "team-tourn"]
[EventCountry "SRB"]
[SourceTitle "playchess.com"]
[Source "ChessBase"]
[SourceQuality "1"]

{[%evp 14,30,46,25,14,12,10,12,26,2,3,0,0,0,4,0,0,0,5]} 1. d4 d5 2. Nf3 Nf6 3. c4 dxc4 4. e3 Bg4 5. Nbd2 e6 6. Nxc4 {D25: Angenommenes Damengambit} Bb4+ 7. Bd2 Bxd2+ 8. Ncxd2 {LiveBook: 3 Partien. Weiß steht etwas besser.} O-O $146 ({Vorgänger:} 8... Nbd7 9. Be2 c5 10. O-O O-O 11. h3 Bh5 12. dxc5 Nxc5 {0-1 (43) Pilaj,H (2362)-Stevic,H (2621) Austria 2011}) 9. Be2 Nbd7 10. Rc1 Rc8 11. Nb3 Qe7 {Die Stellung ist ausgeglichen.} 12. O-O c5 13. dxc5 Nxc5 14. Nxc5 Rxc5 15. h3 Bxf3 1/2-1/2

[Event "SRB-chT 1st League Men 2018"]
[Site "Valjevo"]
[Date "2018.09.07"]
[Round "8"]
[White "Mastrovasilis, Athanasios"]
[Black "Predojevic, Borki"]
[Result "*"]
[WhiteElo "2496"]
[BlackElo "2624"]
[Annotator "TA"]
[PlyCount "29"]
[EventDate "2018.08.31"]
[EventType "team-tourn"]
[EventCountry "SRB"]
[SourceTitle "playchess.com"]
[Source "ChessBase"]
[SourceQuality "1"]

{[%evp 8,8,31]} 1. d4 d5 2. Nf3 Nf6 3. c4 dxc4 4. e3 Bg4 {Predecessor:} 5. Bxc4 $146 e6 6. Qb3 Bxf3 7. gxf3 c5 8. Nc3 Qd7 9. dxc5 Bxc5 10. Qb5 Be7 11. Qxd7+ Nbxd7 12. Bd2 Rc8 13. Be2 Ne5 14. O-O-O O-O 15. Kb1 {½-½ (58) Wang,Y (2699)-Andreikin,D (2712) Dortmund 2017} *

[Event "SRB-chT 1st League Men 2018"]
[Site "Valjevo"]
[Date "2018.09.07"]
[Round "8"]
[White "Stojanovic, Dalibor"]
[Black "Ivanisevic, Ivan"]
[Result "1-0"]
[WhiteElo "2492"]
[BlackElo "2578"]
[Annotator "TA"]
[PlyCount "91"]
[EventDate "2018.08.31"]
[EventType "team-tourn"]
[EventCountry "SRB"]
[SourceTitle "playchess.com"]
[Source "ChessBase"]
[SourceQuality "1"]

{[%evp 11,91,33,41,18,21,12,10,0,0,0,0,0,25,25,28,27,32,25,42,45,50,50,72,71,78,73,131,126,122,102,109,119,137,130,143,125,125,121,112,96,114,114,114,116,170,175,170,163,202,198,235,237,277,276,410,413,747,621,912,662,654,647,1072,1025,1951,1730,1740,757,737,752,743,735,713,695,902,889,1134,1139,947,1070,1527,1506]} 1. e4 c5 2. Nf3 Nc6 3. Nc3 e5 4. Bc4 d6 5. d3 h6 6. Nd2 g6 {[%cal Bg7g6,Bg6g5][%mdl 32] LiveBook: 6 Games. B30: Sicilian: 2...Nc6 3 Bb5, lines without ...g6} 7. Nd5 $146 (7. Nf1 {feels hotter.} Bg7 8. a4 Nge7 9. Ne3 Na5 10. h4) ({Predecessor:} 7. Nf1 Bg7 8. Ne3 Nf6 9. Ncd5 Nxd5 10. Bxd5 Ne7 11. Bb3 Be6 12. Bxe6 fxe6 13. h4 Qd7 {½-½ (13) Martins,C (2250)-Matsuura,E (2492) Florianopolis 2018}) 7... Bg7 8. h4 {[%cal Bh2h4,Bh4h5][%mdl 32]} Nge7 {The position is equal.} 9. h5 g5 $1 10. g4 Nxd5 11. Bxd5 Ne7 12. c4 Qd7 13. Rg1 O-O 14. Nf1 Nxd5 15. cxd5 b5 16. Ne3 Ba6 17. Bd2 Rfc8 18. Kf1 c4 (18... Rcb8 $142) 19. dxc4 $16 bxc4 {[#] Hoping for ...c3+.} 20. Bc3 Rab8 21. Kg2 Bf6 22. Nf5 Kh7 23. Qf3 {aiming for Nxh6!} Bg7 24. Kh3 Bf8 25. Qd1 Rc5 26. f4 f6 ({Stronger than} 26... exf4 27. Qd4 f6 28. Qxf6 Kg8 29. Qg6+ Bg7 30. Bxg7 Qxf5 31. gxf5) 27. fxg5 hxg5 (27... fxg5 $16 28. Kg3 Rc7) 28. Qf3 $18 Bc8 29. Raf1 Qe8 30. Kg3 Rb6 31. Rf2 Bd7 32. Rgf1 Qc8 (32... Rcb5 $142 33. Ne3 Be7 34. Nxc4 Ra6) 33. Qh1 Rcb5 (33... Qd8 $142 34. h6 Ra6) 34. h6 {White is clearly winning.} Rb8 {Black hopes to continue with ...Bxf5.} 35. Ng7 Be7 36. Nh5 f5 37. gxf5 {[%cal Bg4f5,Bf5f6][%mdl 32]} Qc5 38. f6 Qe3+ 39. Qf3 (39. Rf3 $142 Qf4+ 40. Rxf4 exf4+ 41. Kf3) 39... Qxf3+ 40. Rxf3 Bf8 41. f7 R5b7 42. Rf6 Rc8 {[#]} 43. Ng7 $1 {[%mdl 512]} Rbb8 (43... Bxg7 44. hxg7) 44. Ne6 Bxe6 45. dxe6 Be7 46. Kg4 {Precision: White = 72%, Black = 36%.} 1-0

[Event "SRB-chT 1st League Men 2018"]
[Site "Valjevo"]
[Date "2018.09.07"]
[Round "8"]
[White "Strikovic, Aleksa"]
[Black "Milanovic, Danilo"]
[Result "1-0"]
[WhiteElo "2483"]
[BlackElo "2469"]
[Annotator "TA"]
[PlyCount "101"]
[EventDate "2018.08.31"]
[EventType "team-tourn"]
[EventCountry "SRB"]
[SourceTitle "playchess.com"]
[Source "ChessBase"]
[SourceQuality "1"]

{[%evp 12,101,9,0,9,13,8,7,0,12,16,8,7,22,24,9,12,0,8,0,1,0,24,27,22,20,29,25,59,57,45,47,64,61,55,37,46,49,131,125,179,146,143,126,171,171,175,178,162,148,175,172,164,172,169,165,161,161,170,161,180,164,209,149,237,134,134,136,209,210,273,259,285,268,273,267,262,260,280,252,350,411,394,388,350,350,371,235,559,505,752,742]} 1. Nf3 Nf6 2. g3 d5 3. Bg2 c6 4. d3 Bg4 5. h3 Bxf3 6. Bxf3 {A07: Réti Opening: New York and Capablanca Systems} e6 7. O-O {LiveBook: 10 Games} Bd6 (7... Nbd7 8. Bg2 Bc5 9. Nd2 O-O 10. e3 a5 11. c4 a4 12. Qc2 Qe7 13. Nf3 Rfc8 {½-½ (44) Fressinet,L (2700)-Wojtaszek,R (2727) Huaian 2016}) 8. e4 {The position is equal.} O-O 9. Bg2 Re8 $146 ({Predecessor:} 9... Qb6 10. Kh2 Rd8 11. Qe2 dxe4 12. dxe4 Qa6 13. Qe3 Nbd7 14. Nd2 {½-½ (31) Schweber,S-Benko,F Zarate 1974}) 10. Nd2 Nbd7 11. Re1 Qb6 12. Nb3 Rad8 13. Qe2 h6 14. Bd2 Qc7 15. a4 e5 16. a5 Rc8 17. Rec1 dxe4 18. dxe4 c5 {[#] aiming for ...c4.} 19. Qc4 Red8 20. Be3 Be7 21. Nd2 {[%cal Bb3d2,Bd2b1,Bb1c3,Bc3d5][%mdl 32]} Ne8 22. h4 b6 23. Nb1 Nd6 24. Qe2 c4 ({Better is} 24... Nf6 $14) 25. Nc3 $16 Qb7 (25... Qc6 $16 26. Nd5 Bf8 27. axb6 axb6) 26. axb6 axb6 27. Nd5 Nc5 28. Qh5 Bf8 29. Qxe5 Re8 30. Qf4 Ncxe4 31. Nxb6 Rc6 32. Na4 Qb5 33. Nc3 Nxc3 34. bxc3 {Black must now prevent Rab1.} Ra6 35. Rxa6 Qxa6 36. Rd1 Qa3 37. Bd4 {Be5 is the strong threat.} Qa4 (37... Qa5 $16 38. Bc6 Re6) 38. Rd2 (38. Be5 $18) 38... Qa1+ 39. Kh2 Qe1 (39... Qa5 $16 40. Qf3 Qa4) 40. Bd5 $18 Re4 41. Bxe4 Nxe4 42. Rd1 $1 {[%cal Rd1e1]} Qxd1 43. Qxe4 Qh5 {[#]} 44. Qc6 $1 Qe2 45. Qc8 {Threatens to win with Bc5.} Qe6 46. Qxe6 fxe6 47. h5 Bd6 48. Kg2 e5 49. Bb6 Kf7 $2 (49... e4 {is a better chance.} 50. Kf1 Be7) 50. Kf3 Kg8 51. Ke4 {Precision: White = 68%, Black = 56%.} 1-0

[Event "SRB-chT 1st League Men 2018"]
[Site "Valjevo"]
[Date "2018.09.07"]
[Round "8"]
[White "Pap, Misa"]
[Black "Savic, Miodrag R"]
[Result "1-0"]
[WhiteElo "2482"]
[BlackElo "2506"]
[Annotator "TA"]
[PlyCount "161"]
[EventDate "2018.08.31"]
[EventType "team-tourn"]
[EventCountry "SRB"]
[SourceTitle "playchess.com"]
[Source "ChessBase"]
[SourceQuality "1"]

{[%evp 19,161,9,4,7,7,0,9,8,15,15,29,0,22,26,26,16,33,22,24,22,22,22,23,20,17,16,14,24,3,15,28,0,16,16,39,8,11,0,77,74,74,75,87,84,71,72,193,183,195,185,321,313,316,314,275,162,157,162,149,142,226,235,216,128,144,111,116,116,191,181,186,193,264,197,177,187,198,195,189,86,86,0,185,192,174,141,179,180,214,196,303,295,756,760,756,752,741,701,762,752,765,728,765,755,739,715,686,660,707,695,1027,1013,986,832,1358,1330,1321,1285,1316,1325,1303,1207,1658,1415,1250,6031,5903,5902,5134,4952,29961,29966,29965,29966,29980,29981,29981,29982,29978,29974,29988,29989,29991,10208]} 1. e4 e5 2. Nf3 Nf6 3. Nc3 Nc6 4. Bb5 Bb4 5. O-O O-O 6. d3 Bxc3 7. bxc3 d6 8. Bg5 Qe7 9. Re1 a6 {C49: Vierspringerspiel (Symmetrische Variante)} 10. Bxc6 bxc6 {LiveBook: 7 Partien} 11. Nd2 h6 {Die Stellung ist ausgeglichen.} 12. Bh4 Qe6 (12... g5 $5 13. Bg3 $8 Be6 $11) 13. Nc4 $146 ({Vorgänger:} 13. d4 Nd7 14. Nf1 Nb6 15. Bg3 Re8 16. h3 {½-½ (61) Grischuk,A (2795)-Leko,P (2731) Sochi 2014}) 13... Nh7 14. Ne3 Qg6 15. Qf3 Ng5 16. Bxg5 Qxg5 17. Rab1 g6 18. a3 h5 19. Qg3 Qf6 20. h4 Kh7 21. c4 Bd7 22. Rb7 Rfb8 23. Reb1 $36 {[%mdl 2048] Weiss hat Druck.} Rxb7 24. Rxb7 Qd8 $1 25. f4 exf4 26. Qxf4 Kg8 27. c5 Bc8 28. Rb4 Be6 (28... dxc5 $11 29. Rc4 Qd6) 29. cxd6 $16 cxd6 30. Rd4 $1 d5 31. exd5 cxd5 32. c4 {[%cal Rc4d5]} Qa5 (32... Qe7 $16 {war angesagt.}) 33. cxd5 $18 (33. Nxd5 Bxd5 34. Rxd5 Qxa3 $11) 33... Bd7 34. Nc4 Qe1+ (34... Qc5 $142 35. Kh2 Rf8) 35. Kh2 $1 Bg4 36. Qf6 Re8 37. Rf4 (37. d6 $142) 37... Qe7 38. Qxe7 Rxe7 $16 {[%mdl 4096] Endspiel KTL-KTS} 39. d6 Rd7 (39... Re8 $16 40. Kg3 Bd7) 40. Rd4 $18 f6 41. Nb6 (41. Na5 $18) 41... Rd8 $16 42. Kg3 Kf7 43. Kf4 Bf5 (43... Bd7 $16 {war einen Versuch wert.}) 44. Na4 $1 $18 Bd7 45. Nc5 Bc6 (45... a5 $142 46. Nb7 Re8) 46. g3 a5 47. Nb3 $1 a4 48. Nc5 Ra8 49. Rb4 (49. Ke3 $18 {ist viel giftiger.}) 49... Rd8 $16 50. Rd4 (50. Ke3 $16) 50... Ra8 $1 $18 {[#]} 51. Ke3 $1 Re8+ 52. Kd2 Ra8 53. Kc3 g5 54. d7 gxh4 (54... Ke7 $142 55. Kd2 Rg8) 55. Rxh4 Ke7 $2 (55... Rd8 56. Rxh5 Kg6) 56. Rxh5 Kd6 57. Kc4 Rg8 58. Rh7 Rg4+ 59. d4 Rg8 60. Kb4 Rb8+ {[#]} 61. Kc3 $1 Rg8 62. Kd2 Kd5 {[#]} 63. Rg7 $3 {[%mdl 512]} Rb8 (63... Rxg7 64. d8=Q+) 64. Ke3 Kc4 65. Ne6 Rb3+ 66. Kf4 Rf3+ 67. Kg4 f5+ 68. Kh4 Bxd7 69. Rxd7 Rxa3 {KTS-KT} 70. Nf4 Rf3 71. d5 a3 72. Ra7 Kc5 73. Kg5 Rxg3+ 74. Kxf5 Re3 75. Ra8 {Weiß setzt Matt.} Rb3 76. Ke4 Rg3 77. Ne6+ Kd6 78. Ra6+ Ke7 79. Nd4 Kd7 80. Ra7+ Kc8 81. Nb5 {Precision: Weiß = 75%, Schwarz = 40%.} (81. d6 $142 Rg4+ 82. Kd5 Rxd4+ 83. Kxd4 Kb8 84. Rxa3 Kc8 85. Kd5 Kd7 86. Rf3 Kc8 87. Kc6 Kb8 88. Ra3 Kc8 89. Ra8#) 1-0

[Event "SRB-chT 1st League Men 2018"]
[Site "Valjevo"]
[Date "2018.09.07"]
[Round "8"]
[White "Miljkovic, Miroslav D"]
[Black "Munizaba, Slobodan"]
[Result "1/2-1/2"]
[WhiteElo "2474"]
[BlackElo "2426"]
[Annotator "TA"]
[PlyCount "32"]
[EventDate "2018.08.31"]
[EventType "team-tourn"]
[EventCountry "SRB"]
[SourceTitle "playchess.com"]
[Source "ChessBase"]
[SourceQuality "1"]

{[%evp 9,32,48,54,56,52,50,55,57,62,12,12,16,24,20,27,0,8,2,6,9,0,8,9,0,0]} 1. d4 c5 2. d5 e5 3. e4 a6 (3... d6 4. Bb5+ Nd7 5. a4 Ngf6 6. Nc3 Be7 7. Nf3 O-O 8. O-O Kh8 9. Nd2 g6 10. Nc4 Ng8 11. f4 exf4 12. Bxf4 Nb6 13. e5 Nxc4 14. Bxc4 dxe5 15. Bxe5+ {1-0 (44) Aronian,L (2767)-Caruana,F (2822) chess.com INT 2018}) 4. f4 exf4 5. Bxf4 d6 6. Nf3 {A44: Semi-Benoni} Bg4 7. Be2 $146 (7. Nbd2 {seems wilder.} Ne7 8. Bg3 Ng6 9. h4 h5 10. Be2) ({Predecessor:} 7. Nc3 Nd7 8. h3 Bxf3 9. Qxf3 Ngf6 10. g4 h6 11. O-O-O Be7 12. h4 Nh7 13. Qg3 {0-1 (35) Schumacher,G (2188)-Wolf,U (2153) Germany 2006}) 7... Bxf3 8. Bxf3 {White is slightly better.} Ne7 9. O-O {[#] Strongly threatening e5.} Ng6 10. Bg3 Be7 11. Nd2 $36 {[%mdl 2048] White has good play.} O-O 12. Bh5 Nd7 {The position is equal.} 13. Nc4 Nb6 14. Ne3 Bf6 15. c3 Ne5 16. Qe2 g6 1/2-1/2

[Event "SRB-chT 1st League Men 2018"]
[Site "Valjevo"]
[Date "2018.09.07"]
[Round "8"]
[White "Markovic, Miroslav"]
[Black "Lajthajm, Borko"]
[Result "1-0"]
[WhiteElo "2458"]
[BlackElo "2412"]
[Annotator "TA"]
[PlyCount "135"]
[EventDate "2018.08.31"]
[EventType "team-tourn"]
[EventCountry "SRB"]
[SourceTitle "playchess.com"]
[Source "ChessBase"]
[SourceQuality "1"]

{[%evp 9,135,-1,6,-13,1,-10,-4,-12,0,0,26,14,17,17,16,17,16,9,16,17,23,18,20,14,54,53,52,54,109,114,108,62,85,82,91,92,97,75,73,74,88,76,76,72,77,72,128,121,181,180,229,257,266,248,263,186,325,315,641,620,718,707,662,504,504,482,570,556,668,520,539,533,595,588,747,719,849,850,845,842,837,832,815,822,810,783,791,708,768,614,758,729,1056,769,1506,1467,1318,1287,1948,2010,1887,1878,1552,1420,6138,5236,5681,3805,5314,6123,7112,6821,5924,2132,12840,12841,12841,12841,12842,6031,4771,4579,12839,6103,12842,12841,12846,12846]} 1. e4 e5 2. Nc3 Bc5 3. Bc4 Nf6 4. d3 d6 5. h3 a6 (5... O-O {is more complex.} 6. Nf3 c6 7. O-O Re8 8. Ne2 d5) (5... c6 6. Bb3 O-O 7. Qf3 b5 8. Nge2 a5 9. a3 Be6 10. g4 Bxb3 11. cxb3 Ne8 12. Ng3 Na6 13. Nf5 {½-½ (40) Morozevich,A (2750)-Anand,V (2788) Moscow 2009}) 6. Nge2 {C27: Vienna Game: 2...Nf6 3 Bc4 Nxe4} Nc6 7. a3 Be6 8. Ng3 {The position is equal.} h6 9. O-O $146 ({Predecessor:} 9. Nd5 Bxd5 10. exd5 Ne7 11. Qf3 Qd7 12. Be3 Bxe3 13. fxe3 {½-½ (30) Bodenschatz,J (2023)-Luciani,C (2256) Isola d'Elba 2008}) 9... Qd7 10. Be3 Bd4 11. Nd5 Bxd5 12. Bxd5 Bxe3 13. fxe3 {Hoping for Nh5.} Nxd5 14. exd5 Ne7 15. e4 O-O 16. c4 c5 17. b4 b6 18. Rb1 g6 (18... cxb4 $14 19. axb4 (19. Rxb4 b5 $11) 19... Qc7) 19. bxc5 $16 bxc5 20. Rb6 Kg7 21. Qb3 Ra7 22. Rb1 Nc8 23. Rb7 (23. Rb8 {looks sharper.} h5 24. Qb2 Qd8 25. Qd2 Qh4 26. Qe3) 23... Rxb7 24. Qxb7 Qa4 25. Qb3 $36 {[%mdl 2048] White is in control.} Qa5 26. Qb2 Qc7 27. Nf1 h5 ({Black should try} 27... Qa5) 28. Nd2 Qe7 (28... Rd8 $16 {keeps fighting.}) 29. Nf3 $18 g5 {[#]} 30. h4 $1 {[%mdl 512]} f6 (30... gxh4 31. Qf2) 31. Qb7 g4 32. Nd2 f5 (32... Qxb7 $142 33. Rxb7+ Rf7) 33. exf5 ({Not} 33. Qxa6 Qxh4 34. Qb7+ Ne7 $11) 33... Kh6 $2 (33... Qxb7 34. Rxb7+ Rf7 35. Rxf7+ Kxf7) 34. Ne4 {White is clearly winning.} Qxb7 35. Rxb7 Rxf5 {[%mdl 4096] Endgame KRN-KRN} 36. Rc7 Rf8 37. Rc6 Kg7 38. Rxa6 Rf7 39. Ng3 Rb7 40. Rc6 Ne7 41. Rxd6 Rb3 42. Nxh5+ Kf7 43. Rf6+ Kg8 44. d6 Nc6 45. d7 Nd8 46. Rd6 Kf7 47. Ng3 Rxa3 48. Ne4 Ke7 49. Rd5 Ne6 50. Kh2 Kd8 51. Nd6 e4 52. Nb7+ Ke7 53. Nxc5 g3+ 54. Kxg3 {White threatens Nxe6 and mate.} Nd8 55. Nxe4 Ra1 56. h5 Rh1 57. Kg4 Rh2 58. g3 Rh1 59. Ng5 Rh2 60. Nh3 Nf7 61. Nf4 Nd8 62. Kg5 Rh1 63. Kg6 Rg1 64. Re5+ Kxd7 65. Re3 Nc6 66. h6 {[%cal Bh5h6,Bh6h7][%mdl 32]} Rh1 67. h7 Ne7+ 68. Rxe7+ {Precision: White = 82%, Black = 31%.} 1-0

[Event "SRB-chT 1st League Men 2018"]
[Site "Valjevo"]
[Date "2018.09.07"]
[Round "8"]
[White "Todorovic, Goran M"]
[Black "Lapcevic, Milos"]
[Result "0-1"]
[WhiteElo "2434"]
[BlackElo "2368"]
[Annotator "TA"]
[PlyCount "92"]
[EventDate "2018.08.31"]
[EventType "team-tourn"]
[EventCountry "SRB"]
[SourceTitle "playchess.com"]
[Source "ChessBase"]
[SourceQuality "1"]

{[%evp 14,92,0,0,16,11,16,11,34,25,40,44,39,32,43,39,60,47,43,30,43,50,116,44,50,44,51,42,52,58,43,57,108,115,110,121,132,112,130,95,105,67,79,0,0,-85,-81,-83,-57,-220,0,-436,-156,-313,-313,-464,-461,-589,-581,-571,-545,-602,-600,-593,-583,-654,-610,-648,-627,-1025,-825,-1337,-1173,-1133,-1109,-29980,-1316,-29989,-1590,-29991,-1145]} 1. e4 c5 2. Nf3 d6 3. d4 cxd4 4. Nxd4 Nf6 5. Nc3 a6 6. a4 e5 7. Nf3 Be7 8. Bg5 {LiveBook: 53 Games} O-O {B90: Sicilian Najdorf: Unusual White 6th moves, 6 Be3 Ng4 and 6 Be3 e5} (8... Be6 9. Bxf6 Bxf6 10. Nd5 Nd7 11. Bc4 Rc8 12. Qe2 Nb6 13. Nxf6+ Qxf6 14. Bxe6 Qxe6 15. a5 Nd7 16. c3 {1-0 (41) Anand,V (2759)-Grischuk,A (2766) Paris 2018}) 9. Bxf6 Bxf6 10. Bc4 Qc7 $146 {The position is equal.} ({Predecessor:} 10... Be6 11. Nd5 Nd7 12. O-O Rc8 13. Ba2 Nc5 14. Re1 Bxd5 15. Bxd5 Qb6 16. b3 {½-½ (44) Bosch,J (2456)-Klein,D (2236) Dieren 2009}) 11. Qe2 Be6 12. Nd5 Bxd5 13. Bxd5 Nc6 14. O-O Nd4 15. Nxd4 exd4 16. Rad1 {[%cal Ba1d1,Bd1d3,Bd3f3][%mdl 32]} Rfe8 17. Rd3 Qc5 (17... Rac8 $14) 18. Qg4 ({White should try} 18. Bxb7 $16 Rab8 19. Rb3 (19. Bxa6 Rxb2 20. Bb5 Rc8 $11)) 18... Qxc2 $14 19. Rf3 {And now Rxf6 would win.} Qc8 20. Qh5 Re7 21. Rh3 $1 h6 22. Qg6 {Hoping for Rxh6.} Kf8 {[#]} (22... Bg5 $14) 23. Rxh6 $1 $16 {[%mdl 512]} gxh6 24. Qxf6 {[%cal Rf6h8]} Qg4 25. Qxh6+ Kg8 26. Qxd6 Rd7 27. Qb4 d3 {aiming for ...Rxd5!} 28. f3 (28. Qd2 $16) 28... Qf4 $36 {[%mdl 2048] Black has some pressure.} 29. Qc5 (29. Qc3 $11 {remains equal.}) 29... Rc7 $17 {[%mdl 1024] Black has strong compensation.} 30. Qd4 Rac8 31. g3 $2 (31. Qxd3 $15 Rc1 32. Bb3) 31... Qd2 $2 (31... Qh6 $19 {Strongly threatening ...Rc2.} 32. h4 (32. Qxd3 $2 Rc2 $19) 32... Rc2) 32. Qf6 $2 {[%mdl 8192]} (32. e5 $11) 32... Qe3+ $2 (32... Rd7 $19 {is more deadly.} 33. Qg6+ Kf8) 33. Kg2 $2 (33. Kh1 $17 {only move.}) 33... d2 $19 34. Kh3 (34. e5 $142 d1=Q 35. Qg6+ (35. Rxd1 $2 {loses.} Qe2+ 36. Kh3 Qxd1 $19) 35... Kf8 36. Qd6+ Re7 37. Rxd1 Qe2+ 38. Kh3 Qxd1 39. Qf6) 34... Qe2 35. Qg6+ Kf8 36. Qh6+ Ke8 37. Ra1 {intending Qh8+.} d1=Q ({Worse is} 37... Rc1 38. Qf4 $11) 38. Rxd1 Qxd1 39. Qh8+ Kd7 40. Qf6 Rf8 41. g4 Kc8 42. g5 Qf1+ 43. Kg3 Qg1+ 44. Kh3 Rg8 (44... Rc2 $142 45. Qf5+ Kb8 46. Qf4+ Ka7 47. Qg3 Rxh2+ $1 {[%mdl 512]} 48. Kg4 Rg2 49. Qxg2 Qxg2+ 50. Kf4 f6 51. Ke3 fxg5 52. Bc4 Qxb2 53. Bf1 Qb6+ 54. Ke2 Qb2+ 55. Ke3 Qc3+ 56. Bd3 Rd8 57. e5 Qxd3+ 58. Kf2 Qd4+ 59. Kf1 Qd2 60. f4 Qc2 61. fxg5 Rd1#) 45. f4 Kb8 (45... Rc2 $142 46. Qf5+ Kb8 47. Qe5+ Ka7 48. Qd4+ Qxd4 49. Kg4 Rg2+ 50. Kf5 Qxa4 51. Ke5 Re8+ 52. Kf6 Qd7 53. Kg7 {[#]} f5+ $1 {[%mdl 512]} 54. Bf7 Re7 55. Kh7 Rxf7+ 56. Kh6 Rh7+ 57. Kg6 Qf7#) 46. Qe5 {[#]} f6 $1 {Precision: White = 24%, Black = 48%.} 0-1

[Event "SRB-chT 1st League Men 2018"]
[Site "Valjevo"]
[Date "2018.09.07"]
[Round "8"]
[White "Arsovic, Zoran"]
[Black "Drazic, Sinisa"]
[Result "0-1"]
[WhiteElo "2422"]
[BlackElo "2401"]
[Annotator "TA"]
[PlyCount "72"]
[EventDate "2018.08.31"]
[EventType "team-tourn"]
[EventCountry "SRB"]
[SourceTitle "playchess.com"]
[Source "ChessBase"]
[SourceQuality "1"]

{[%evp 25,72,52,45,41,45,56,45,54,62,36,29,49,47,27,62,27,45,25,47,16,16,17,15,16,14,0,17,8,17,16,34,9,12,13,15,14,15,15,15,15,70,18,39,-1175,-824,-820,-813,-29998,-29999]} 1. Nf3 e6 2. c4 d5 3. d4 c5 4. cxd5 exd5 5. g3 Nc6 6. Bg2 Nf6 7. O-O Be7 8. dxc5 Bxc5 9. a3 O-O 10. b4 Bb6 {D30: Queen's Gambit Declined: Systems without Nc3} 11. Nc3 h6 12. Bb2 a6 13. Rc1 Re8 {LiveBook: 3 Games} 14. Qd3 Ba7 15. e3 Bg4 16. Ne2 Qd6 $146 ({Predecessor:} 16... Bxf3 17. Bxf3 Ne5 18. Bxe5 Rxe5 {0-1 (68) Postny,E (2574)-Manor,I (2453) Israel 2018}) 17. Ned4 Ne4 18. Nxc6 bxc6 19. Bd4 a5 20. Bxa7 $1 Rxa7 21. Nd4 Bd7 $1 22. Qc2 {[%cal Rd4c6]} (22. b5 $5 {[%cal Rb5c6]} c5 23. Ne2 $11) 22... axb4 23. axb4 {[%cal Rd4c6]} Rb7 24. Bxe4 dxe4 25. Qc5 Qf6 26. Rfd1 {[%cal Bf1d1,Bd1d2,Bd2a2,Ba2a5,Ba5c5][%mdl 32]} Re5 27. Qc4 Rb6 28. Qc3 Bg4 29. Rd2 ({Not} 29. Nxc6 $2 Rxc6 30. Qxc6 Qxc6 $19) 29... Rd5 30. Ra2 Bh3 31. Ra5 $36 {[%mdl 2048] White has good play.} Rd8 32. Rc5 {[%cal Rc5c6]} Rd6 ({Black should try} 32... Rdb8 $11) 33. Rb1 (33. Rh5 $14 Be6 34. Ra5) 33... Kh7 34. Qb3 $2 {[%mdl 8192] [#]} (34. Rh5 $14 Bd7 35. Ra5) 34... Rxb4 $3 {[%mdl 512]} 35. Qxb4 {[#]} Rxd4 $1 {[%mdl 512]} 36. exd4 (36. Qxd4 Qf3) 36... Qf3 {Precision: White = 49%, Black = 56%.} 0-1